1835 1933 1095 1943 1725 1377 1496 1503 1346 1692 1142 1546 1519 1732 1391 1436 1075 1753 1595 1900 1879 1690 1847 1331 1760 1510 1974 1390 1761 1211 1735 1377 1016 1981 1824 1932 1157 1077 1814 1197 1431 1475 1764 1898 1988 1675 1758 1532 1180 1386 1392 1707 1939 1554 1192 1326 1459 1028 1667 1746 1035 1376 1472 1567 1420 1658 1270 1361 1148 1962 1667 1965 1090 1347 1919 1412 1514 1748 1697 1640 1267 1928 1662 1747 1205 1151 1997 1998 1108 1845 1438 1982 1046 1940 1043 1859 1876 1848 1075 BCNSPRNW ULIB Ver.6.0+V

เปลี่ยนเป็นภาษาไทย

Change to English
 แสดงรายละเอียดบรรณานุกรม
  กลับหน้าหลัก

Brief Record : Get Marc (ISO 2709) : E-mail record : QR code < ปิดหน้าต่าง
LEADER : 00000nam 2200000uu 4500
001    13399112808
003     ULIB
008    110912s2548||||th 000 0 tha d
020    9749663691
050  4 LB2331.G7^bก27ก 2548
245 00 การอุดมศึกษากับการประกันคุณภาพในสหราชอาณาจักรและสหพันธ์สาธารณรัฐเยอรมนี /^cกลุ่มเสวนาการประกันคุณภาพการศึกษาที่ประชุมอธิการบดีแห่งประเทศไทย และ สำนักงานคณะกรรมการอุดมศึกษา กระทรวงศึกษาธิการ; คณะบรรณาธิการ กิตติชัย วัฒนานิกร, สมสุข ธีระพิจิตร,วราภรณ์ สีหนาท
250    พิมพ์ครั้งที่ 1
260    กรุงเทพฯ :^bสำนักมาตรฐานและประเมินผลอุดมศึกษา สำนักงานคณะกรรมการอุดมศึกษา กระทรวงศึกษาธิการ,^c2548
300    122 หน้า :^bภาพประกอบ ;^c21 ซม.
490 1  สิ่งพิมพ์ สมอ. ;^vอันดับที่ 59
650  4 การศึกษาขั้นอุดมศึกษา^zสหราชอาณาจักร
650  4 การศึกษาขั้นอุดมศึกษา^zเยอรมนี
650  4 ประกันคุณภาพการศึกษาระดับอุดมศึกษา^zสหราชอาณาจักร
650  4 ประกันคุณภาพการศึกษาระดับอุดมศึกษา^zเยอรมนี
700 0  กิตติชัย วัฒนานิกร,^eบรรณาธิการ
700 0  สมสุข ธีระพิจิตร,^eบรรณาธิการ
700 0  วราภรณ์ สีหนาท,^eบรรณาธิการ
710 2  ที่ประชุมอธิการบดีแห่งประเทศไทย
710 2  สำนักงานคณะกรรมการอุดมศึกษา
830  0 สิ่งพิมพ์ (สำนักมาตรฐานและประเมินผลอุดมศึกษา) ;^vอันดับที่ 59
945    ^p0^l0^i019070
945    ^p0^l0^i019071
945    ^p0^l0^i019072
945    ^p0^l0^i019073
945    ^p0^l0^i019074
995    ทศพร
999 ^a ทศพร
รายการนี้ยังไม่มีแท็ก
คุณยังไม่ได้ล็อกอิน คุณสามารถมีกิจกรรมร่วมกับเว็บไซต์ได้ แต่ต้องล็อกอินก่อน ::
  ล็อกอิน

รายการสื่อสารสนเทศ

ลำดับที่ ประเภท เลขเรียก/บาร์โค้ด สถานที่ สถานะ
- ไม่พบข้อมูล -

BibComment


ยังไม่เคยถูกคอมเมนท์

คอมเมนท์ทรัพยากรรายการนี้
  คอมเมนท์: การอุดมศึกษากับกา..


 Copyright 2026. Bcnsprnw @Library